000 01441cam a2200133 4500500
005 20251214005117.0
041 _afre
042 _adc
100 1 0 _aCoenen-Huther, Jacques
_eauthor
245 0 0 _aComprendre Durkheim
260 _bArmand Colin,
_c2010.
520 _aPhilosophe, sociologue et moraliste, Émile Durkheim (1858-1917) est entré dans l’histoire comme le fondateur de l’École française de sociologie. Il s’employa à faire prévaloir une conception scientifique de la sociologie. La crise du lien social appelait à ses yeux une réorganisation des rapports sociaux et une moralisation de la vie économique. Il souhaitait clarifier les choix politiques par une connaissance de la société acquise selon des normes rigoureuses de scientificité. Se méfiant de l’introspection, il recommandait d’adopter à l’égard des faits sociaux une attitude mentale comparable à celle qu’exige l’étude des phénomènes naturels. Cet ouvrage, offrant un bilan critique de l’œuvre de Durkheim, s’adresse aux étudiants en sociologie et en sciences politiques, aux élèves des grandes écoles, aux enseignants en sciences humaines et sociales ainsi qu’aux chercheurs en sociologie, toujours aux prises avec les dilemmes de méthode auxquels furent confrontés Durkheim et les durkheimiens. 
856 4 1 _uhttps://shs.cairn.info/comprendre-durkheim--9782200354589?lang=fr&redirect-ssocas=7080
999 _c1568678
_d1568678